Πηγές χρηματοδότησης ναυτιλιακών επιχειρήσεων : πτυχιακή εργασία
Αποθηκεύτηκε σε:
| Κύριος συγγραφέας: | |
|---|---|
| Συγγραφή απο Οργανισμό/Αρχή: | |
| Άλλοι συγγραφείς: | |
| Μορφή: | Thesis Βιβλίο |
| Γλώσσα: | Greek |
| Δημοσίευση: |
[2005]
|
| Θέματα: | |
| Διαθέσιμο Online: | http://hdl.handle.net/11610/9499 |
| Ετικέτες: |
Προσθήκη ετικέτας
Δεν υπάρχουν, Καταχωρήστε ετικέτα πρώτοι!
|
MARC
| LEADER | 00000cam a2200000 i 4500 | ||
|---|---|---|---|
| 001 | 1/27245 | ||
| 008 | 060330q2005 gre d | ||
| 035 | |l 10083357 | ||
| 040 | |a GR-MY-UA |b gre |e aacr | ||
| 041 | 0 | |a gre | |
| 082 | 0 | |a 387.50681 |2 (22) | |
| 100 | 1 | |a Μπαξεβάνη, Άννα. | |
| 245 | 1 | 0 | |a Πηγές χρηματοδότησης ναυτιλιακών επιχειρήσεων : |b πτυχιακή εργασία / |c Μπαξεβάνη Άννα ; επιβλέπων Θ. Συριόπουλος |
| 260 | |c [2005] | ||
| 300 | |a 121 σ.; |b διαγρ., πίν.; |c 30 εκ. | ||
| 502 | # | # | |a Πτυχιακή εργασία – Πανεπιστήμιο Αιγαίου, Χίος, 2005. |
| 504 | |a Περιλάμβανει βιβλιογραφία | ||
| 610 | 2 | 0 | |a Πανεπιστήμιο Αιγαίου. |
| 650 | 0 | 0 | |a Shipping |x Finance. |
| 650 | 0 | 0 | |a Bank loans |z Greece. |
| 650 | 0 | 0 | |a Bonds. |
| 650 | 0 | 0 | |a Accounting |x Standards. |
| 650 | 0 | 0 | |a Dissertations, Academic |z Greece. |
| 700 | 1 | |a Συριόπουλος, Θεόδωρος, |e dgs [Επιβλέπων καθηγητής] | |
| 710 | 1 | |a Πανεπιστήμιο Αιγαίου |b Σχολή Επιστημών της Διοίκησης |b Τμήμα Ναυτιλίας και Επιχειρηματικών Υπηρεσιών - Τ.Ν.Ε.Υ. | |
| 852 | |a INST |b CHIOS |c DIATR |e 20060330 |h 387.50681 ΜΠΑ |p 005200024283 |q 005200024283 |t DIE |y 23 | ||
| 852 | |a INST |b CHIOS |c DIATR |e 20060330 |h 387.50681 ΜΠΑ |p 005200024284 |q 005200024284 |t DIE |y 23 | ||
| 856 | |u http://hdl.handle.net/11610/9499 | ||
| 901 | |a BIBL2-2006-1 | ||
| 909 | |a Χ |b 105666 | ||
| 909 | |a Χ |b 102761 | ||
| 924 | |a ΜΠΑΞΕΒΑΝΗ |b ΑΝΝΑ |y ΧΙΟΣ |z 2005-11 | ||
| 970 | |a ΒΑΣΙΛΑΚΗ |b ΝΙΚΗ |z 2006/03/30 | ||